000 01080nam2a2200241 4500
001 rc\2910305
005 20260315054154.0
035 _a(NLR Aleph) 007061063
090 _a13593018
_c13593018
100 _a20110806d1934 u y0rusy50 ca
101 0 _arus
102 _aRU
105 _ay z |||||
200 1 _aТопливо, смазочные и осветительные материалы
210 _d1934
215 _aОбл., 10 с.
300 _aПредисл. Ред. коллегии (с. 3)
461 0 _1001rc\2910304
_12001#$aЦенник отпускных номенклатурных цен на топливо, материалы и оборудование$vВып. 1
_96285816
_aДонецкие железные дороги
_cХарьков
_d1934
_nДонецкие жел. дор.
_tЦенник отпускных номенклатурных цен на топливо, материалы и оборудование
_vВып. 1
801 0 _aRU
_bNLR
_gpsbo
801 1 _aRU
_bELAR
_2rusmarc
852 _aNLR
_j34-20/127(1)
942 _cUNSPEC
980 _aNB